Françoise THÉBAUD. – Écrire l’histoire des femmes. Fontenay-aux-Roses, E.N.S. Éditions, 1998,217 pages. Préface d’Alain CORBIN. « Sociétés, espaces, temps ». (notice n° 1770179)

détails MARC
000 -LEADER
fixed length control field 01851cam a2200169 4500500
005 - DATE AND TIME OF LATEST TRANSACTION
control field 20260322012121.0
041 ## - LANGUAGE CODE
Language code of text/sound track or separate title fre
042 ## - AUTHENTICATION CODE
Authentication code dc
100 10 - MAIN ENTRY--PERSONAL NAME
Personal name Fridenson, Patrick
Relator term author
245 00 - TITLE STATEMENT
Title Françoise THÉBAUD. – Écrire l’histoire des femmes. Fontenay-aux-Roses, E.N.S. Éditions, 1998,217 pages. Préface d’Alain CORBIN. « Sociétés, espaces, temps ».
260 ## - PUBLICATION, DISTRIBUTION, ETC.
Date of publication, distribution, etc. 2002.<br/>
500 ## - GENERAL NOTE
General note 34
520 ## - SUMMARY, ETC.
Summary, etc. L’art n’est pas un simple reflet, mais une élaboration symbolique en marche. Depuis quarante ans, une issue à la domination sociale et culturelle que subissent les classes populaires se cherche dans le cinéma réaliste anglais. Que faire d’une ressource qui n’a plus cours quand elle continue à définir une identité sociale ? Comment devenir autre tout en demeurant soimême ? Quand la virilité ne trouve plus sa rémunération sur le marché du travail anglais, reste une issue, confusément élaborée ici : conjuguer la masculinité traditionnelle au féminin.
520 ## - SUMMARY, ETC.
Summary, etc. British realistic films since 40 years : masculinity in a feminine way ? Art is not a mere reflection, but a symbolical research in process. Since forty years, a solution has been purchased in the English realistic cinema against the social and cultural domination that the working class is suffering. What to do with a resource that has no more value, when it goes on defining a social identity ? How to change while remaining oneself ? When virility doesn’t find any longer its retribution on the English labor market, there remains a solution, confusely thought here : to use the traditional masculinity in a feminine way.
786 0# - DATA SOURCE ENTRY
Note Le Mouvement Social | 198 | 1 | 2002-01-01 | p. III-III | 0027-2671
856 41 - ELECTRONIC LOCATION AND ACCESS
Uniform Resource Identifier <a href="https://shs.cairn.info/revue-le-mouvement-social1-2002-1-page-III?lang=fr&redirect-ssocas=7080">https://shs.cairn.info/revue-le-mouvement-social1-2002-1-page-III?lang=fr&redirect-ssocas=7080</a>

Pas d'exemplaire disponible.

PLUDOC

PLUDOC est la plateforme unique et centralisée de gestion des bibliothèques physiques et numériques de Guinée administré par le CEDUST. Elle est la plus grande base de données de ressources documentaires pour les Étudiants, Enseignants chercheurs et Chercheurs de Guinée.

Adresse

627 919 101/664 919 101

25 boulevard du commerce
Kaloum, Conakry, Guinée

Réseaux sociaux

Powered by Netsen Group @ 2025